| 000 | 00000nam##2200000za#4500 |
| 001 | 9.699060 |
| 003 | CaOODSP |
| 005 | 20241203113638 |
| 007 | cr ||||||||||| |
| 008 | 150407|2003||||xxc|||||o f|0| 0 eng|d |
| 040 | |aCaOODSP|beng |
| 043 | |an-cn--- |
| 086 | 1 |aEn14-157/2003E-PDF |
| 110 | 1 |aCanada. |bEnvironment Canada. |
| 245 | 10|aReducing the level of sulphur in Canadian off-road diesel fuel : |h[electronic resource]|ba discussion paper on designing a Canadian regulation to align with the new U.S. standard |
| 260 | |aOttawa - Ontario : |bEnvironment Canada |cAugust 2003. |
| 300 | |a40p.|bgraphs, tables |
| 590 | |a14-21-Supp|b2014-12-11 |
| 690 | 07|aAir pollution|2gcpds |
| 690 | 07|aDiesel fuel|2gcpds |
| 775 | 08|tRéduction de la teneur en soufre du carburant diesel hors route au Canada : |w(CaOODSP)9.643102 |
| 856 | 40|ahttp://publications.gc.ca|qPDF|s239 KB|uhttps://publications.gc.ca/collections/collection_2014/ec/En14-157-2003-eng.pdf |